| 000 | 00492nam a2200169Ia 4500 | ||
|---|---|---|---|
| 999 |
_c21659 _d21659 |
||
| 003 | OSt | ||
| 005 | 20200611151542.0 | ||
| 008 | 190216s9999||||xx |||||||||||||| ||und|| | ||
| 020 | _a9788130919102 | ||
| 040 | _coclc | ||
| 082 |
_a700 _bMAC/O |
||
| 100 |
_aMackenzie, John M _92801 |
||
| 245 | 0 |
_aOrientalism History, Theory And The Arts / _cJohn M Mackenzie |
|
| 260 |
_bViva Books, _c2012. _aNew Delhi: |
||
| 300 | _a232p | ||
| 942 |
_cBK _2ddc _h700 _iMAC/O _k700 _mMAC/O |
||